| 000 | 00797nam a2200217 i 4500 | ||
|---|---|---|---|
| 001 | 56572 | ||
| 003 | ES-MaACL | ||
| 005 | 20230906163413.0 | ||
| 007 | t| | ||
| 008 | 031010s1983 sp ||||1| spa d | ||
| 100 | 1 |
_aDickerson, Richard E. _944491 |
|
| 245 | 1 | 0 |
_aPrincipios de Química / _cRichard E. Dickerson, Harry B. Gray, Gilbert P. Haight ; [versión por José Galvéz Flores y Gregorio López López ; revisada por Vicente Iranzo Rubio]. |
| 260 |
_aBarcelona : _bReverté, _c[1983] |
||
| 300 |
_a1 t. en 2 v. : _bil. ; _c24 cm. |
||
| 700 | 1 |
_aGray, Harry B. _959797 |
|
| 700 | 1 |
_aHaight, Gilbert P. _961487 |
|
| 700 | 1 |
_aGalvéz Flores, José. _953719 |
|
| 700 | 1 |
_aIranzo Rubio, Vicente. _965418 |
|
| 700 | 1 |
_aLópez López, Gregorio. _973732 |
|
| 852 |
_aES-MaACL _jL-7094-5 _bR.107889 |
||
| 999 |
_c56572 _d56572 |
||